Normal view
MARC view
Entry Topical Term
001 - CONTROL NUMBER
- control field: 245697
003 - CONTROL NUMBER IDENTIFIER
- control field: OSt
005 - DATE AND TIME OF LATEST TRANSACTION
- control field: 20251115111110.0
008 - FIXED-LENGTH DATA ELEMENTS
- fixed length control field: 251115|| aca||aabn | a|a d
040 ## - CATALOGING SOURCE
- Original cataloging agency: OSt
- Transcribing agency: OSt
150 ## - HEADING--TOPICAL TERM
- Topical term or geographic name entry element: veeravanithe
670 ## - SOURCE DATA FOUND
- Source citation: Work cat.: (OSt)123783: AMISH ಅಮಿಶ್ 245696, Seethe:mithileya veeravanithe , 2019